| 000 | 01010nam a22002417a 4500 | ||
|---|---|---|---|
| 005 | 20100924103433.0 | ||
| 008 | 100924t xxu||||| |||| 00| 0 hin d | ||
| 010 | _aHIN-90591 | ||
| 020 |
_a9789350000656 _c350.00 |
||
| 035 | _aHN-62937 | ||
| 037 | _bDBAD / PUB | ||
| 040 |
_aDPL _bHN |
||
| 082 | _a824 | ||
| 100 |
_aअरूण कमल _921360 |
||
| 245 |
_aगोलमेजः _cअरूण कमल _bआलोचनात्मक निबंध एवं टिप्पणियाँ / |
||
| 260 |
_aनई दिल्ली _bवाणी प्रकाशन _c2009 |
||
| 270 |
_a4695,21-ए, दरियागंज _bनई दिल्ली _e110002 |
||
| 300 |
_a229पृ. _c22सेमी (सजिल्द) |
||
| 650 |
_9697 _aहिन्दी निबंध |
||
| 700 | _921361 | ||
| 942 |
_2ddc _cHN _h824 _mअरूण |
||
| 999 |
_c47640 _d47640 |
||